[Event "OLNO 2122 Greifswalder SV - SK König T"]
[Site "?"]
[Date "2022.04.03"]
[Round "8.2"]
[White "Skibbe, Willi"]
[Black "Rietze, Clemens"]
[Result "*"]
[WhiteElo "2172"]
[BlackElo "2290"]
[PlyCount "85"]
[EventDate "2022.??.??"]

1. d4 d5 2. c4 e6 3. Nf3 Nf6 4. g3 Bb4+ 5. Bd2 Bd6 6. Nc3 O-O 7. Bg2 c6 8. Bg5
h6 9. Bxf6 Qxf6 10. O-O Qd8 11. c5 Bc7 12. b4 Nd7 13. e4 dxe4 14. Nxe4 Qe7 15.
Re1 Rd8 16. Qb3 Nf8 17. a4 f6 18. Rad1 Kh8 19. Nc3 Qf7 20. Re3 Bd7 21. Bf1 Re8
22. Bc4 Qh5 23. b5 b6 24. Ne4 Rad8 25. cxb6 Bxb6 26. Nd6 Re7 27. Nb7 Rb8 28.
Qb4 Ree8 29. Nc5 Bxc5 30. dxc5 cxb5 31. axb5 Rec8 32. Rxd7 Nxd7 33. Bxe6 Nxc5
34. Bxc8 Rxc8 35. Rc3 Qd5 36. Qd4 Qf5 37. Kg2 Kh7 38. g4 Qe6 39. h3 Qb6 40. Qd5
Rc7 41. Nd4 Ne6 42. Nxe6 Rxc3 43. Qd7 *

[Event "OLNO 2122 Greifswalder SV - SK König T"]
[Site "?"]
[Date "2022.04.03"]
[Round "8.3"]
[White "Dimitrijeski, Kristian"]
[Black "Stubbe, Wilko"]
[Result "*"]
[WhiteElo "2149"]
[BlackElo "2222"]
[PlyCount "35"]
[EventDate "2022.??.??"]

1. Nf3 d5 2. d4 Nc6 3. c4 e5 4. cxd5 Qxd5 5. Nc3 Bb4 6. Bd2 Bxc3 7. Bxc3 e4 8.
Ne5 Nge7 9. e3 Nxe5 10. dxe5 O-O 11. Be2 Qe6 12. Qc2 Qg6 13. O-O-O Be6 14. g4
Nd5 15. Kb1 c6 16. h3 a5 17. Rd4 Nxc3+ 18. Qxc3 *

[Event "OLNO 2122 Greifswalder SV - SK König T"]
[Site "?"]
[Date "2022.04.03"]
[Round "8.4"]
[White "Leisner, Hannes"]
[Black "Jahnz, Fabian"]
[Result "*"]
[WhiteElo "2208"]
[BlackElo "2254"]
[PlyCount "46"]
[EventDate "2022.??.??"]

1. c4 e5 2. e3 Nf6 3. a3 c6 4. d4 exd4 5. Qxd4 d5 6. Nf3 Be6 7. Ng5 Be7 8. Nc3
O-O 9. Be2 Nbd7 10. O-O Nc5 11. Qd1 a5 12. Qc2 Qb6 13. cxd5 cxd5 14. Bd2 Rac8
15. Rad1 Nfe4 16. Nxe6 fxe6 17. Nxe4 Nxe4 18. Qb1 Bxa3 19. Bd3 Qxb2 20. Bxe4
dxe4 21. Qxe4 Rcd8 22. Qa4 b5 23. Qxa5 b4 *

[Event "OLNO 2122 Greifswalder SV - SK König T"]
[Site "?"]
[Date "2022.04.03"]
[Round "8.5"]
[White "Wierzbicki, Jirawat"]
[Black "Stopsack, Malte"]
[Result "*"]
[WhiteElo "2159"]
[BlackElo "2219"]
[PlyCount "83"]
[EventDate "2022.??.??"]

1. e4 g6 2. d4 Bg7 3. c3 d6 4. Nf3 Nf6 5. Bd3 O-O 6. O-O Nc6 7. h3 e5 8. Re1
exd4 9. cxd4 Nb4 10. Bf1 c5 11. Nc3 cxd4 12. Nxd4 d5 13. a3 Nc6 14. e5 Ne8 15.
f4 Nc7 16. Be3 f6 17. exf6 Qxf6 18. Ndb5 Nxb5 19. Qxd5+ Kh8 20. Bxb5 Bf5 21.
Bxc6 bxc6 22. Qc4 Rab8 23. Na4 Rbe8 24. Bc5 Rg8 25. Nc3 Rb8 26. Qe2 Qh4 27. Bd6
Rbd8 28. Be7 Qxf4 29. Bxd8 Rxd8 30. Rad1 Rf8 31. Rf1 Qg5 32. Rf3 c5 33. Rdf1 h5
34. Kh1 Rd8 35. Rd1 Rb8 36. Qd2 Qh4 37. Rf4 Qg5 38. Rb4 cxb4 39. Qxg5 bxc3 40.
Rd8+ Kh7 41. Rxb8 cxb2 42. Rxb2 *

[Event "OLNO 2122 Greifswalder SV - SK König T"]
[Site "?"]
[Date "2022.04.03"]
[Round "8.6"]
[White "Lange, Jannis"]
[Black "Acikel, Mert"]
[Result "*"]
[WhiteElo "2101"]
[BlackElo "2149"]
[PlyCount "62"]
[EventDate "2022.??.??"]

1. Nf3 d5 2. g3 Nf6 3. Bg2 e6 4. O-O Be7 5. d3 O-O 6. Nbd2 c5 7. e4 Nc6 8. Qe2
b5 9. e5 Nd7 10. Re1 a5 11. Nf1 a4 12. h4 a3 13. N1h2 Qc7 14. bxa3 c4 15. d4
Bxa3 16. c3 Bxc1 17. Rexc1 b4 18. Ng5 h6 19. Ng4 hxg5 20. hxg5 Qd8 21. Qe3 bxc3
22. Nf6+ Nxf6 23. gxf6 gxf6 24. Qh6 fxe5 25. Be4 dxe4 26. Kg2 Ra7 27. Rh1 f5
28. dxe5 Rg7 29. Qh8+ Kf7 30. Qh5+ Ke7 31. Qh4+ Ke8 *

[Event "OLNO 2122 Greifswalder SV - SK König T"]
[Site "?"]
[Date "2022.04.03"]
[Round "8.7"]
[White "Niehaus, Frank"]
[Black "Kuersten, Ruediger"]
[Result "1/2-1/2"]
[WhiteElo "2074"]
[BlackElo "2180"]
[PlyCount "56"]
[EventDate "2022.??.??"]

1. e4 c6 2. d4 d5 3. exd5 cxd5 4. c4 Nf6 5. Nc3 Nc6 6. Nf3 Bg4 7. cxd5 Nxd5 8.
Be2 e6 9. O-O Be7 10. h3 Bh5 11. Qb3 Nb6 12. d5 Bxf3 13. Bxf3 Nd4 14. Qd1 Nxf3+
15. Qxf3 Nxd5 16. Rd1 O-O 17. Nxd5 exd5 18. Rxd5 Qb6 19. Rd7 Qe6 20. Rd1 b6 21.
b3 Bf6 22. Rb1 Rac8 23. Bb2 Rc2 24. Bxf6 Qxf6 25. Qxf6 gxf6 26. a4 Re8 27. Rd3
Ree2 28. Rf3 Kg7 1/2-1/2

[Event "OLNO 2122 Greifswalder SV - SK König T"]
[Site "?"]
[Date "2022.04.03"]
[Round "8.8"]
[White "Woll, Wilfried"]
[Black "Rath, Alina"]
[Result "*"]
[WhiteElo "2014"]
[BlackElo "2057"]
[PlyCount "58"]
[EventDate "2022.??.??"]

1. c4 c5 2. Nf3 e6 3. g3 d5 4. cxd5 exd5 5. Bg2 Nf6 6. O-O Be7 7. d4 O-O 8. Nc3
Nc6 9. Bg5 c4 10. Ne5 Be6 11. f4 Ng4 12. Bxe7 Nxe7 13. Nxg4 Bxg4 14. h3 Be6 15.
Qd2 Qd7 16. Kh2 Rad8 17. g4 f5 18. g5 b5 19. e3 Rb8 20. Ne2 b4 21. Ng1 Rfc8 22.
Rac1 a5 23. Nf3 Rb7 24. Ne5 Qb5 25. Qf2 Rcb8 26. h4 a4 27. h5 Nc6 28. Nf3 Ne7
29. Ne5 Nc6 *

[Event "OLNO 2122 SV Empor Berlin - SC Kreuzber"]
[Site "?"]
[Date "2022.05.01"]
[Round "9.1"]
[White "Glantz, Robert"]
[Black "Volke, Karsten"]
[Result "1/2-1/2"]
[WhiteElo "2340"]
[BlackElo "2445"]
[PlyCount "97"]
[EventDate "2022.??.??"]

1. d4 Nf6 2. Nf3 c5 3. d5 b5 4. c3 Bb7 5. e4 Nxe4 6. Bxb5 Nf6 7. c4 g6 8. Nc3
Bg7 9. Be3 Na6 10. O-O O-O 11. Qd2 d6 12. Bh6 Nc7 13. Bxg7 Kxg7 14. Rfe1 Rb8
15. Ba4 e6 16. dxe6 Nxe6 17. Ng5 Nd4 18. Ne2 Nxe2+ 19. Rxe2 h6 20. Nh3 Ba6 21.
b3 d5 22. Re5 Qc7 23. Re3 dxc4 24. Rae1 cxb3 25. Re7 Qd8 26. Qxd8 Rfxd8 27.
axb3 Rb7 28. f3 Nd5 29. R7e5 Rb4 30. Bc6 Rd4 31. Bxd5 R8xd5 32. Rxd5 Rxd5 33.
Re7 Rd1+ 34. Kf2 Rd2+ 35. Kg1 Bc8 36. Nf2 Rb2 37. Ne4 Rxb3 38. Rxa7 c4 39. Rc7
Be6 40. Nc5 Rb1+ 41. Kf2 Rb2+ 42. Ke3 Bd5 43. Rd7 Bc6 44. Re7 Be8 45. Ne4 Rb3+
46. Kf2 Rb2+ 47. Ke3 Rb3+ 48. Kf2 Rb2+ 49. Ke3 1/2-1/2

[Event "OLNO 2122 SV Empor Berlin - SC Kreuzber"]
[Site "?"]
[Date "2022.05.01"]
[Round "9.2"]
[White "Thinius, Marco"]
[Black "Maetzkow, Maximilian Paul"]
[Result "1/2-1/2"]
[WhiteElo "2372"]
[BlackElo "2290"]
[PlyCount "83"]
[EventDate "2022.??.??"]

1. c4 e5 2. Nc3 Nf6 3. Nf3 Nc6 4. e4 d6 5. d4 exd4 6. Nxd4 Be7 7. Be2 O-O 8.
O-O Re8 9. Nc2 h6 10. Be3 Bf8 11. f3 a5 12. Qd2 Nb4 13. Rfd1 Nxc2 14. Qxc2 Qe7
15. Bf1 g6 16. Rac1 Bd7 17. Qd2 Kh7 18. Bf2 Bg7 19. Re1 Bc6 20. Nd5 Bxd5 21.
cxd5 Rac8 22. g3 c5 23. dxc6 Rxc6 24. Bb5 Rxc1 25. Rxc1 Qe5 26. a4 d5 27. exd5
Rd8 28. Re1 Rxd5 29. Rxe5 Rxd2 30. Re7 Kg8 31. Rxb7 Rxb2 32. Rb8+ Kh7 33. Rb7
Kg8 34. Rb8+ Kh7 35. Rd8 h5 36. Rd1 h4 37. Bd4 Ra2 38. gxh4 Nh5 39. Bxg7 Nxg7
40. Rd7 Nf5 41. h5 Kh6 42. hxg6 1/2-1/2

[Event "OLNO 2122 SV Empor Berlin - SC Kreuzber"]
[Site "?"]
[Date "2022.05.01"]
[Round "9.3"]
[White "Moritz, Aron"]
[Black "Foerster, Jonas"]
[Result "0-1"]
[WhiteElo "2215"]
[BlackElo "2287"]
[PlyCount "74"]
[EventDate "2022.??.??"]

1. e4 d6 2. d4 c6 3. f4 d5 4. e5 h5 5. Be2 g6 6. Nf3 Nh6 7. O-O Bf5 8. b3 Nd7
9. c4 e6 10. Nc3 Bb4 11. Qd2 O-O 12. a3 Be7 13. Bb2 a5 14. Na4 Nb6 15. Nxb6
Qxb6 16. c5 Qc7 17. b4 b6 18. Bc3 axb4 19. axb4 Be4 20. cxb6 Qxb6 21. Ra5 Nf5
22. Rfa1 Rxa5 23. bxa5 Qa7 24. Kh1 c5 25. dxc5 Bxc5 26. Qa2 d4 27. Bd2 Qa8 28.
Qc4 Ba7 29. Rf1 Rc8 30. Qb4 h4 31. Ne1 h3 32. Bf3 Nh4 33. Bxe4 Qxe4 34. Rf2 Rb8
35. Qe7 Nxg2 36. Qxa7 Nxe1+ 37. Kg1 Rb1 0-1

[Event "OLNO 2122 SV Empor Berlin - SC Kreuzber"]
[Site "?"]
[Date "2022.05.01"]
[Round "9.4"]
[White "Sulayev, Daniel"]
[Black "Glienke, Manfred"]
[Result "1/2-1/2"]
[WhiteElo "2242"]
[BlackElo "2212"]
[PlyCount "73"]
[EventDate "2022.??.??"]

1. c4 Nf6 2. Nc3 e5 3. Nf3 Nc6 4. e3 d6 5. d4 Be7 6. Be2 O-O 7. O-O Re8 8. a3
Bf8 9. b4 Bg4 10. h3 Bf5 11. Bb2 e4 12. Nd2 Qd7 13. Qc2 Nxd4 14. exd4 e3 15.
Qd1 exd2 16. Qxd2 d5 17. c5 c6 18. Rfe1 Ne4 19. Qf4 Bg6 20. f3 Nf6 21. g4 Re6
22. Bf1 Rae8 23. Kf2 Ne4+ 24. Nxe4 dxe4 25. Re3 Be7 26. Kg1 h6 27. Qg3 exf3 28.
Rxe6 fxe6 29. Qxf3 Bf6 30. Rd1 Rf8 31. Bg2 Bh4 32. Qb3 Bf7 33. Qe3 Bg5 34. Qe4
Bf6 35. Bf1 Qd5 36. Bd3 Qxe4 37. Bxe4 {(=)} 1/2-1/2

[Event "OLNO 2122 SV Empor Berlin - SC Kreuzber"]
[Site "?"]
[Date "2022.05.01"]
[Round "9.5"]
[White "Vogel, Constantin"]
[Black "Urban, Julian"]
[Result "1/2-1/2"]
[WhiteElo "2190"]
[BlackElo "2241"]
[PlyCount "52"]
[EventDate "2022.??.??"]

1. c4 Nc6 2. g3 Nf6 3. Bg2 d6 4. Nc3 g6 5. d4 Bg7 6. Nf3 O-O 7. O-O Bg4 8. h3
Bxf3 9. Bxf3 Nd7 10. e3 e5 11. d5 Ncb8 12. e4 a5 13. Rb1 Na6 14. a3 Nb6 15. Be2
f5 16. b4 axb4 17. axb4 Nd7 18. Qb3 Kh8 19. f3 f4 20. g4 Qh4 21. Rf2 Qxh3 22.
Rh2 Qg3+ 23. Kh1 Qe1+ 24. Kg2 Qg3+ 25. Kh1 Qe1+ 26. Kg2 Qg3+ 1/2-1/2

[Event "OLNO 2122 SV Empor Berlin - SC Kreuzber"]
[Site "?"]
[Date "2022.05.01"]
[Round "9.6"]
[White "Nitsche-Hahn, Raphael"]
[Black "Lehmann, Klaus"]
[Result "0-1"]
[WhiteElo "2103"]
[BlackElo "2213"]
[PlyCount "120"]
[EventDate "2022.??.??"]

1. d4 Nf6 2. Bf4 d5 3. e3 c6 4. Bd3 Bg4 5. Nf3 e6 6. h3 Bh5 7. g4 Bg6 8. Ne5
Bxd3 9. Qxd3 Nbd7 10. Nd2 Nxe5 11. Bxe5 Bd6 12. f4 Bxe5 13. fxe5 Nd7 14. O-O-O
Qa5 15. Kb1 f6 16. exf6 gxf6 17. e4 O-O-O 18. Nf3 h5 19. exd5 Qxd5 20. c4 Qd6
21. Qe3 hxg4 22. hxg4 Rxh1 23. Rxh1 Qg3 24. Rg1 Qh3 25. Qf4 Qh7+ 26. Ka1 Qd3
27. Rc1 Rh8 28. g5 Rh3 29. Ne1 Qf5 30. Qxf5 exf5 31. gxf6 Nxf6 32. Ng2 Rd3 33.
Rf1 Ne4 34. a3 Nd2 35. Rxf5 Nxc4 36. Rf2 a5 37. Kb1 Rxd4 38. Kc2 Rg4 39. Nf4
Kc7 40. Nd3 a4 41. Rf4 Rg2+ 42. Kc3 b5 43. Rf3 Kb6 44. Rh3 Re2 45. b3 axb3 46.
Kxb3 Na5+ 47. Kc3 Ra2 48. Kb4 Rc2 49. a4 Rc4+ 50. Ka3 Rxa4+ 51. Kb2 Nc4+ 52.
Kc2 Ra2+ 53. Kb1 Ra3 54. Nf2 Ra4 55. Rh8 Rb4+ 56. Ka1 Rb2 57. Ne4 Re2 58. Nc3
Re3 59. Nb1 b4 60. Ka2 Rd3 0-1

[Event "OLNO 2122 SV Empor Berlin - SC Kreuzber"]
[Site "?"]
[Date "2022.05.01"]
[Round "9.7"]
[White "Dathe, Frederick"]
[Black "Jahn, Thomas"]
[Result "1-0"]
[WhiteElo "2048"]
[BlackElo "2179"]
[PlyCount "101"]
[EventDate "2022.??.??"]

1. c4 e5 2. g3 Nf6 3. Bg2 c6 4. Nf3 e4 5. Nd4 Qb6 6. Nc2 d5 7. cxd5 cxd5 8. d3
Nc6 9. Nc3 exd3 10. Qxd3 d4 11. Ne4 Nxe4 12. Qxe4+ Be7 13. O-O Qc5 14. b4 f5
15. Qxc6+ Qxc6 16. Bxc6+ bxc6 17. Nxd4 Bxb4 18. Nxc6 Bc3 19. Rb1 Be6 20. Ba3
Kf7 21. Rb7+ Kg6 22. Rd1 Rhe8 23. Rd6 Bf6 24. Ne7+ Rxe7 25. Rxe7 Bxe7 26. Rxe6+
Bf6 27. Ra6 Rd8 28. e3 h5 29. h4 Kh7 30. Rxa7 Rd1+ 31. Kg2 f4 32. gxf4 Bxh4 33.
Be7 Bxe7 34. Rxe7 Kg6 35. a4 Ra1 36. Ra7 Ra2 37. Ra6+ Kf5 38. Ra5+ Kg6 39. Rg5+
Kf6 40. Rxh5 Rxa4 41. Rb5 Rc4 42. Kf3 Rc3 43. Kg4 Rc2 44. Rb6+ Kf7 45. f3 Rg2+
46. Kf5 Rg3 47. Rb7+ Kg8 48. Ke4 g6 49. Rb5 Kf7 50. Rg5 Rh3 51. f5 1-0

[Event "OLNO 2122 SV Empor Berlin - SC Kreuzber"]
[Site "?"]
[Date "2022.05.01"]
[Round "9.8"]
[White "Silz, Elisa"]
[Black "Eberhardt, Olaf"]
[Result "1-0"]
[WhiteElo "1947"]
[BlackElo "2101"]
[PlyCount "111"]
[EventDate "2022.??.??"]

1. d4 Nf6 2. Nf3 e6 3. c4 b6 4. g3 Ba6 5. b3 Bb4+ 6. Bd2 Be7 7. Bg2 d5 8. Ne5
O-O 9. O-O Bb7 10. Bc3 Nbd7 11. Nxd7 Qxd7 12. Nd2 c5 13. dxc5 bxc5 14. cxd5
exd5 15. Rc1 Rac8 16. Bb2 Rfd8 17. Nf3 Ne4 18. Qd3 Qe6 19. Rfe1 Qb6 20. e3 f6
21. Qb1 Bc6 22. Red1 a5 23. Ba3 Bf8 24. Nd2 Ng5 25. h4 Nf7 26. Bh3 Bd7 27. Bg2
Bg4 28. Bf3 Qe6 29. Bb2 Bxf3 30. Nxf3 Qg4 31. Kg2 a4 32. Qd3 axb3 33. axb3 Rc7
34. Ra1 Rb7 35. Ra4 c4 36. Qc3 Rdb8 37. Rd4 Qe6 38. Ba1 Rxb3 39. Qa5 R3b5 40.
Qd2 Ne5 41. e4 Nxf3 42. Kxf3 dxe4+ 43. Kg2 Rc5 44. Qe2 Rbc8 45. Bc3 f5 46. Ra7
R5c7 47. Rxc7 Rxc7 48. Rd8 Rc8 49. Qd2 Rxd8 50. Qxd8 Kf7 51. Qc7+ Kg6 52. h5+
Kxh5 53. Qd8 Qf7 54. Qh4+ Kg6 55. g4 fxg4 56. Qxg4+ 1-0

[Event "OLNO 2122 SV Glückauf Rüdersdorf - TS"]
[Site "?"]
[Date "2022.05.01"]
[Round "9.1"]
[White "Rosenthal, Dirk"]
[Black "Klimkowski, Jan"]
[Result "0-1"]
[WhiteElo "2396"]
[BlackElo "2401"]
[PlyCount "132"]
[EventDate "2022.??.??"]

1. e4 e5 2. Nf3 Nc6 3. d4 exd4 4. Nxd4 Qf6 5. Nxc6 Bc5 6. Qf3 bxc6 7. Nd2 d6 8.
Nb3 Bb6 9. a4 a5 10. Bd2 Qxf3 11. gxf3 Ne7 12. Rg1 O-O 13. Be3 Bxe3 14. fxe3 f5
15. e5 Be6 16. exd6 cxd6 17. Nd4 Bd5 18. O-O-O Rf6 19. Bd3 c5 20. e4 fxe4 21.
fxe4 Bf7 22. Nb5 Nc6 23. Rg2 Rd8 24. Rgd2 Kf8 25. Rf1 Rxf1+ 26. Bxf1 Ke7 27.
Rg2 g6 28. Kd2 Ne5 29. Nc7 Rc8 30. Nd5+ Bxd5 31. exd5 Rf8 32. Bb5 Rf4 33. c3 c4
34. Kc2 h6 35. b4 cxb3+ 36. Kxb3 g5 37. Rd2 Rf3 38. Kc2 Re3 39. c4 Nf3 40. Rd1
Kd8 41. Rf1 g4 42. c5 dxc5 43. d6 h5 44. Bc6 c4 45. Bd5 Kd7 46. Bxc4 Kxd6 47.
Rf2 Kc5 48. Bf7 h4 49. Bh5 Ne5 50. Rf4 g3 51. hxg3 hxg3 52. Rf8 Ra3 53. Rg8 Kd4
54. Be2 Ke4 55. Kb2 Re3 56. Bd1 Kf4 57. Bh5 Rd3 58. Rg7 Rd4 59. Kb3 Rb4+ 60.
Ka3 Nc4+ 61. Ka2 Rxa4+ 62. Kb3 Rb4+ 63. Kc3 Ne5 64. Rg8 Ra4 65. Kd2 Ra2+ 66.
Ke1 Nf3+ 0-1

[Event "OLNO 2122 SV Glückauf Rüdersdorf - TS"]
[Site "?"]
[Date "2022.05.01"]
[Round "9.2"]
[White "Steczek, Marcin"]
[Black "Meyer-Dunker, Paul"]
[Result "1-0"]
[WhiteElo "2359"]
[BlackElo "2096"]
[PlyCount "123"]
[EventDate "2022.??.??"]

1. Nf3 d5 2. c4 dxc4 3. Na3 a6 4. Nxc4 b5 5. Ne3 Bb7 6. g3 Nf6 7. Bg2 e6 8. O-O
Nbd7 9. Qc2 c5 10. b3 Qb6 11. Bb2 Be7 12. Rac1 O-O 13. Rfd1 Rac8 14. Qb1 Rfd8
15. Qa1 Qa7 16. d3 Qa8 17. Ne5 Bxg2 18. Nxg2 Bf8 19. Nxd7 Nxd7 20. Rc2 Nb6 21.
Bc3 Nd5 22. Bd2 Be7 23. Qc1 a5 24. a4 bxa4 25. bxa4 Nb6 26. Ne3 Bg5 27. Nc4
Bxd2 28. Nxb6 Bxc1 29. Nxa8 Ba3 30. Nb6 Rb8 31. Nc4 Bb4 32. Kg2 Kf8 33. f4 h5
34. Kf3 f6 35. Rcc1 Kf7 36. Rh1 Rd4 37. Rb1 Rf8 38. Rb3 Rfd8 39. Rf1 g6 40. Rc1
Ke7 41. Rc2 h4 42. Rb1 hxg3 43. hxg3 Rh8 44. Rcc1 Rd5 45. Rh1 Rdh5 46. Rxh5
Rxh5 47. Kg2 g5 48. g4 Rh4 49. Kg3 Rh6 50. fxg5 fxg5 51. e3 Rh8 52. Rg1 Rd8 53.
Rd1 Bc3 54. Kf3 Rf8+ 55. Ke4 Rf2 56. Rc1 Bb4 57. Rh1 Bc3 58. Rh7+ Kf6 59. Rc7
Ra2 60. d4 cxd4 61. Ne5 Rxa4 62. Rf7# 1-0

[Event "OLNO 2122 SV Glückauf Rüdersdorf - TS"]
[Site "?"]
[Date "2022.05.01"]
[Round "9.3"]
[White "Horn, Sven"]
[Black "Szadkowski, Kamil"]
[Result "1/2-1/2"]
[WhiteElo "2065"]
[BlackElo "2328"]
[PlyCount "245"]
[EventDate "2022.??.??"]

1. e4 c5 2. Nf3 d6 3. d4 cxd4 4. Nxd4 Nf6 5. Nc3 a6 6. Be2 e5 7. Nb3 Be7 8. O-O
O-O 9. Be3 Be6 10. f3 Nbd7 11. Nd5 Bxd5 12. exd5 b5 13. a4 Nb6 14. axb5 Nbxd5
15. Bf2 axb5 16. Bxb5 Qc7 17. g3 Rxa1 18. Nxa1 Rb8 19. Qe2 Qb7 20. c4 Nc7 21.
Ba4 Qxb2 22. Qd3 d5 23. cxd5 Ncxd5 24. Bb3 Nc3 25. Qc4 Nfd5 26. Re1 h6 27. Bc2
Bf6 28. Ba7 Ra8 29. Qc6 Rd8 30. Qc4 Qb7 31. Bf2 Rc8 32. Qd3 g6 33. Bb3 Kg7 34.
Kg2 Nb4 35. Qe3 Nb5 36. Rd1 Nd4 37. Rb1 Qb5 38. Bd1 Qc4 39. Nb3 Nd5 40. Qd2 Nc3
41. Rb2 Nxd1 42. Qxd1 Nxb3 43. Qxb3 Qxb3 44. Rxb3 Rc2 45. Rb4 g5 46. g4 Be7 47.
Rb5 Bd6 48. Kf1 Kf6 49. h4 gxh4 50. Bxh4+ Ke6 51. Bf2 f5 52. Be3 fxg4 53. fxg4
Rc4 54. Bxh6 Rxg4 55. Ke2 Kf5 56. Be3 Ra4 57. Rd5 Be7 58. Rd7 Bf6 59. Rd2 Rh4
60. Kd3 Rh3 61. Rf2+ Ke6 62. Ke4 Be7 63. Ra2 Rh4+ 64. Kd3 Bf6 65. Ra6+ Kf5 66.
Ke2 Rh2+ 67. Kd3 e4+ 68. Kc4 Re2 69. Bd4 Bg5 70. Ra8 Rc2+ 71. Kd5 e3 72. Rf8+
Kg4 73. Bxe3 Bxe3 74. Ke4 Bg5 75. Rg8 Re2+ 76. Kd3 Re6 77. Rf8 Bf4 78. Kd4 Kf3
79. Kd5 Rd6+ 80. Kc5 Rd1 81. Rf7 Ke4 82. Kc6 Rc1+ 83. Kb5 Be5 84. Rd7 Rc8 85.
Kb4 Bd4 86. Kb5 Kd3 87. Rh7 Rc5+ 88. Kb4 Rc6 89. Rh3+ Be3 90. Rh5 Rc1 91. Kb5
Rb1+ 92. Kc6 Rb6+ 93. Kc7 Rf6 94. Rh4 Bd4 95. Rh1 Kc4 96. Rh5 Rg6 97. Rf5 Be3
98. Rh5 Bg5 99. Rh1 Kc5 100. Kd7 Be3 101. Rh5+ Kc4 102. Rf5 Kd4 103. Rh5 Bf4
104. Ra5 Rd6+ 105. Ke7 Rb6 106. Ra4+ Ke5 107. Ra5+ Ke4 108. Rh5 Be5 109. Rh1
Kd5 110. Rd1+ Bd4 111. Kf7 Rf6+ 112. Ke7 Rg6 113. Rf1 Rg7+ 114. Kf8 Rb7 115.
Rd1 Ra7 116. Rd2 Ke5 117. Re2+ Kf6 118. Ke8 Be5 119. Rf2+ Ke6 120. Rd2 Re7+
121. Kd8 Rh7 122. Kc8 Rc7+ 123. Kd8 1/2-1/2

[Event "OLNO 2122 SV Glückauf Rüdersdorf - TS"]
[Site "?"]
[Date "2022.05.01"]
[Round "9.4"]
[White "Janaszak, Dawid"]
[Black "Postler, Reinhard"]
[Result "0-1"]
[WhiteElo "2334"]
[BlackElo "2165"]
[PlyCount "146"]
[EventDate "2022.??.??"]

1. e4 c5 2. Nc3 e6 3. Nge2 Nc6 4. g3 a6 5. Bg2 g6 6. d4 cxd4 7. Nxd4 Bg7 8. Be3
Nge7 9. a4 d6 10. O-O O-O 11. Nb3 Ne5 12. Qe2 Qc7 13. Nd2 N5c6 14. Qc4 Bd7 15.
a5 Rac8 16. Na4 d5 17. exd5 exd5 18. Qc5 Be6 19. Nb6 Rcd8 20. Rfe1 Be5 21. Bh6
Rfe8 22. Nf3 Bd6 23. Qc3 d4 24. Nxd4 Nxd4 25. Qxd4 Nf5 26. Qe4 Nxh6 27. Qxb7
Ng4 28. Re2 Rb8 29. Qxa6 Bc5 30. Qb5 Rec8 31. c3 Bxb6 32. axb6 Rxb6 33. Qa4 Nf6
34. Qa5 Qb8 35. Rae1 Bc4 36. Rc2 Rb5 37. Qa1 Bb3 38. Rce2 Rb6 39. Bf3 Rd6 40.
Re7 Rd7 41. R7e5 Ra7 42. Qc1 Nd7 43. Re7 Nc5 44. Rxa7 Qxa7 45. Qe3 Qb6 46. h4
Qe6 47. Qc1 Qf6 48. Re3 h5 49. Qa1 Kg7 50. Qa5 Qd6 51. Kg2 Bd5 52. Kh2 Ra8 53.
Qb4 Ra4 54. Qb5 Rxh4+ 55. Kg2 Ra4 56. Qf1 Bxf3+ 57. Rxf3 Qd8 58. Re3 Ne6 59. b4
Qa8+ 60. Kh2 Ra2 61. Qg2 Qa6 62. Kg1 Rc2 63. Qe4 Rc1+ 64. Kh2 Qf1 65. Qg2 Qc4
66. f4 h4 67. f5 hxg3+ 68. Qxg3 Nf4 69. f6+ Kxf6 70. Qh4+ Kg7 71. Re8 Qa2+ 72.
Kg3 Nh5+ 73. Kf3 Rxc3+ 0-1

[Event "OLNO 2122 SV Glückauf Rüdersdorf - TS"]
[Site "?"]
[Date "2022.05.01"]
[Round "9.5"]
[White "Boewer, Roland"]
[Black "Dudzinski, Piotr"]
[Result "1/2-1/2"]
[WhiteElo "2172"]
[BlackElo "2317"]
[PlyCount "67"]
[EventDate "2022.??.??"]

1. Nf3 d5 2. g3 Nf6 3. Bg2 e6 4. O-O Be7 5. d3 O-O 6. Nbd2 b6 7. c4 Bb7 8. Ne5
Nbd7 9. Ndf3 c5 10. b3 Nxe5 11. Nxe5 Nd7 12. Bb2 Nxe5 13. Bxe5 Bf6 14. Bxf6
Qxf6 15. Qd2 Rfd8 16. Rac1 Qe7 17. Rfd1 e5 18. Qb2 Rac8 19. b4 dxc4 20. Bxb7
Qxb7 21. Rxc4 cxb4 22. Rdc1 Rxc4 23. Rxc4 Qe7 24. Qxb4 Qxb4 25. Rxb4 g6 26. Rc4
Rd5 27. Kg2 Ra5 28. a4 b5 29. Rc5 Rxa4 30. Rxb5 e4 31. dxe4 Rxe4 32. Ra5 Re7
33. e4 Rxe4 34. Rxa7 1/2-1/2

[Event "OLNO 2122 SV Glückauf Rüdersdorf - TS"]
[Site "?"]
[Date "2022.05.01"]
[Round "9.6"]
[White "Sroczynski, Maciej"]
[Black "Lange, Cecilia"]
[Result "1-0"]
[WhiteElo "2268"]
[BlackElo "1967"]
[PlyCount "71"]
[EventDate "2022.??.??"]

1. d4 d5 2. Nf3 Nf6 3. c4 c6 4. Qc2 Bg4 5. Nbd2 e6 6. e3 Be7 7. Bd3 Nbd7 8. h3
Bxf3 9. Nxf3 O-O 10. O-O dxc4 11. Bxc4 Qc7 12. e4 e5 13. Re1 Bd6 14. Be3 exd4
15. Bxd4 Ne5 16. Nd2 Nfd7 17. Bf1 b6 18. Rac1 c5 19. Be3 Nc6 20. g3 Rfe8 21. f4
f6 22. Nb1 Nf8 23. Nc3 a6 24. Nd5 Qb7 25. Qb3 Kh8 26. Qxb6 Rab8 27. Bxc5 Qxb6
28. Bxb6 Nb4 29. Bc7 Bxc7 30. Nxc7 Red8 31. Nxa6 Nxa6 32. Bxa6 Rxb2 33. Re2 Rb6
34. Bc4 h6 35. Kf2 Ng6 36. Bb3 1-0

[Event "OLNO 2122 SV Glückauf Rüdersdorf - TS"]
[Site "?"]
[Date "2022.05.01"]
[Round "9.7"]
[White "Hoeckendorf, Hartmut"]
[Black "Wlodarczyk, Oskar"]
[Result "0-1"]
[WhiteElo "2130"]
[BlackElo "2218"]
[PlyCount "54"]
[EventDate "2022.??.??"]

1. e4 e5 2. Nc3 Nf6 3. f4 d5 4. fxe5 Nxe4 5. d3 Nxc3 6. bxc3 d4 7. Nf3 Nc6 8.
Be2 dxc3 9. d4 Qd5 10. O-O Bf5 11. Rb1 O-O-O 12. Bg5 Rd7 13. Rb3 Bc5 14. Kh1
Bxd4 15. Qb1 Bb6 16. Rxc3 Nxe5 17. Be3 Bxe3 18. Rxe3 Ng4 19. Rc3 Be4 20. Qb4
Re8 21. Rc5 Qd6 22. g3 Bc6 23. Bb5 Bxb5 24. Qxb5 a6 25. Qa5 Re2 26. Rh5 Ne3 27.
Qe5 g6 0-1

[Event "OLNO 2122 SV Glückauf Rüdersdorf - TS"]
[Site "?"]
[Date "2022.05.01"]
[Round "9.8"]
[White "Szyszylo, Rafal"]
[Black "Bongardt, Livius"]
[Result "1-0"]
[WhiteElo "2080"]
[BlackElo "1684"]
[PlyCount "153"]
[EventDate "2022.??.??"]

1. e4 e5 2. Nf3 Nc6 3. Bb5 a6 4. Ba4 Nf6 5. Qe2 b5 6. Bb3 Be7 7. c3 d6 8. O-O
Na5 9. Bc2 c5 10. d3 Nc6 11. Re1 O-O 12. Nbd2 Re8 13. Nf1 Bf8 14. Ng3 g6 15. h3
Bg7 16. Bg5 h6 17. Be3 Qe7 18. Qd2 Kh7 19. d4 Bb7 20. d5 Nb8 21. b4 c4 22. a4
Nbd7 23. Nh2 Ng8 24. Ra3 Qd8 25. Rea1 Qc7 26. R1a2 Ndf6 27. Nhf1 h5 28. Qc1 Bh6
29. Qa1 Bxe3 30. Nxe3 Rab8 31. axb5 axb5 32. Ra7 Qb6 33. Ngf1 Red8 34. Nd2 Ne8
35. R2a5 Ne7 36. Ra2 Nc7 37. R7a5 Ne8 38. Nb1 Nc7 39. Na3 Ba6 40. Bd1 Kg7 41.
Be2 f5 42. exf5 gxf5 43. Naxc4 bxc4 44. Rxa6 Nxa6 45. Rxa6 Qc7 46. Nxc4 Nxd5
47. g3 f4 48. Ra7 Rb7 49. Ra5 Nf6 50. gxf4 exf4 51. Bf3 d5 52. Nd2 Qe5 53. Nb3
Qf5 54. Kh2 Qc2 55. Qg1+ Kf7 56. Nc5 Rc7 57. Ra6 Re7 58. Kh1 Rg8 59. Qf1 Qxc3
60. Nd3 Rb8 61. Qd1 Rh8 62. Kh2 Ng4+ 63. Kg2 Nf6 64. Nxf4 Rg8+ 65. Kh2 Qe5 66.
Qd2 d4 67. Ra5 Qb8 68. Kh1 Ne4 69. Rf5+ Ke8 70. Bxh5+ Kd7 71. Qxd4+ Nd6 72. Rd5
Reg7 73. Bg4+ Rxg4 74. hxg4 Rxg4 75. Qe5 Rg8 76. Qe6+ Kc6 77. b5+ 1-0

[Event "OLNO 2122 SK König Tegel II - SF Berli"]
[Site "?"]
[Date "2022.05.01"]
[Round "9.3"]
[White "Noetzel, Felix"]
[Black "Dimitrijeski, Kristian"]
[Result "0-1"]
[WhiteElo "2207"]
[BlackElo "2149"]
[PlyCount "96"]
[EventDate "2022.??.??"]

1. e4 e5 2. Nf3 Nc6 3. d4 exd4 4. Nxd4 Nf6 5. Nxc6 bxc6 6. e5 Qe7 7. Qe2 Nd5 8.
c4 Ba6 9. b3 g6 10. g3 Bg7 11. Bb2 O-O 12. Bg2 Rae8 13. O-O Bxe5 14. Qxe5 Qxe5
15. Bxe5 Rxe5 16. cxd5 Bxf1 17. Kxf1 cxd5 18. Nc3 c6 19. Rd1 Rfe8 20. Bf3 Kf8
21. Ne2 Ke7 22. Rd4 Kd6 23. Ra4 Ra8 24. b4 Ree8 25. Ra5 f5 26. h4 Reb8 27. a3
Rb5 28. Ra6 Rb6 29. Ra5 Rb5 30. Rxb5 cxb5 31. Nc3 Rb8 32. Nxd5 Rc8 33. Kg2 Ke5
34. Nf4 Rc3 35. Be2 a6 36. Nd3+ Kd6 37. Nc5 Rxa3 38. h5 gxh5 39. Bxh5 Ke7 40.
Be2 a5 41. bxa5 b4 42. a6 b3 43. a7 b2 44. Na6 b1=Q 45. a8=Q Ra1 46. Kh3 Qb6
47. Kg2 Qh6 48. Bf1 Qc1 0-1